NHL Top 5 Assists Every Year Since 2000 - Statistics

General Stats
  • This quiz has been taken 26 times
  • The average score is 99 of 133
Answer Stats
Year Team Player % Correct
2025: 4 Oilers Connor McDavid
100%
2024: 1 Oilers Connor McDavid
100%
2023: 1 Oilers Connor McDavid
100%
2022: 2 Oilers Connor McDavid
100%
2021: 1 Oilers Connor McDavid
100%
2020: 2 Oilers Connor McDavid
100%
2019: 2 Oilers Connor McDavid
100%
2018: 3 Oilers Connor McDavid
100%
2017: 1 Oilers Connor McDavid
100%
2025: 3 Male Leafs Mitch Marner
100%
2023: 5 Male Leafs Mitch Marner
100%
2021: 4 Male Leafs Mitch Marner
100%
2019: 4 Male Leafs Mitch Marner
100%
2025: 1 Avalanche Nathan MacKinnon
100%
2024: 3 Avalanche Nathan MacKinnon
100%
2023: 5 Avalanche Nathan MacKinnon
100%
2021: 5 Avalanche Nathan MacKinnon
100%
2025: 1 Lightning Nikita Kucherov
100%
2024: 1 Lightning Nikita Kucherov
100%
2023: 2 Lightning Nikita Kucherov
100%
2019: 1 Lightning Nikita Kucherov
100%
2024: 5 Rangers Artemi Panarin
95%
2022: 4 Rangers Artemi Panarin
95%
2020: 2 Rangers Artemi Panarin
95%
2012: 3 Penguins Evgeni Malkin
95%
2009: 1 Penguins Evgeni Malkin
95%
2016: 2 Sharks Joe Thornton
95%
2014: 2 Sharks Joe Thornton
95%
2012: 3 Sharks Joe Thornton
95%
2010: 2 Sharks Joe Thornton
95%
2008: 1 Sharks Joe Thornton
95%
2007: 1 Sharks Joe Thornton
95%
2006: 1 Bruins/Sharks Joe Thornton
95%
2003: 2 Bruins Joe Thornton
95%
2023: 3 Oilers Leon Draisaitl
95%
2021: 2 Oilers Leon Draisaitl
95%
2020: 1 Oilers Leon Draisaitl
95%
2021: 3 Blackhawks Patrick Kane
95%
2017: 5 Blackhawks Patrick Kane
95%
2016: 3 Blackhawks Patrick Kane
95%
2015: 3 Penguins Sidney Crosby
95%
2014: 1 Penguins Sidney Crosby
95%
2013: 2 Penguins Sidney Crosby
95%
2009: 2 Penguins Sidney Crosby
95%
2007: 2 Penguins Sidney Crosby
95%
2015: 3 Canucks Daniel Sedin
90%
2011: 3 Canucks Daniel Sedin
90%
2023: 3 Sharks Erik Karlsson
90%
2016: 1 Senators Erik Karlsson
90%
2012: 3 Senators Erik Karlsson
90%
2015: 5 Canucks Henrik Sedin
90%
2012: 1 Canucks Henrik Sedin
90%
2011: 1 Canucks Henrik Sedin
90%
2010: 1 Canucks Henrik Sedin
90%
2008: 4 Canucks Henrik Sedin
90%
2007: 4 Canucks Henrik Sedin
90%
2023: 5 Panthers Matthew Tkachuk
90%
2024: 4 Canucks Quinn Hughes
90%
2023: 5 Canucks Quinn Hughes
90%
2019: 3 Jets Blake Wheeler
86%
2018: 1 Jets Blake Wheeler
86%
2016: 5 Jets Blake Wheeler
86%
2022: 3 Flames Johnny Gaudreau
86%
2022: 1 Panthers Jonathan Huberdeau
86%
2022: 5 Predators Roman Josi
86%
2017: 3 Ducks Ryan Getzlaf
86%
2014: 5 Ducks Ryan Getzlaf
86%
2011: 4 Ducks Ryan Getzlaf
86%
2009: 3 Ducks Ryan Getzlaf
86%
2020: 5 Bruins Brad Marchand
81%
2018: 1 Flyers Claude Giroux
81%
2014: 4 Flyers Claude Giroux
81%
2012: 2 Flyers Claude Giroux
81%
2004: 4 Avalanche Joe Sakic
81%
2002: 3 Avalanche Joe Sakic
81%
2001: 5 Avalanche Joe Sakic
81%
2000: 4 Avalanche Joe Sakic
81%
2017: 2 Capitals Nicklas Bäckström
81%
2015: 1 Capitals Nicklas Bäckström
81%
2014: 3 Capitals Nicklas Bäckström
81%
2013: 3 Capitals Nicklas Bäckström
81%
2010: 3 Capitals Nicklas Bäckström
81%
2009: 3 Capitals Nicklas Bäckström
81%
2013: 4 Red Wings Henrik Zetterberg
76%
2011: 5 Red Wings Henrik Zetterberg
76%
2020: 4 Capitals John Carlson
76%
2003: 3 Penguins Mario Lemieux
76%
2013: 1 Lightning Martin St. Louis
76%
2011: 2 Lightning Martin St. Louis
76%
2010: 5 Lightning Martin St. Louis
76%
2004: 1 Lightning Martin St. Louis
76%
2009: 5 Red Wings Pavel Datsyuk
76%
2008: 2 Red Wings Pavel Datsyuk
76%
2003: 1 Avalanche Peter Forsberg
76%
2017: 4 Lightning Victor Hedman
76%
2019: 5 Sharks Brent Burns
67%
2018: 5 Islanders Mathew Barzal
67%
2025: 5 Devils Jesper Bratt
62%
2003: 4 Stars Mike Modano
62%
2008: 5 Red Wings Nicklas Lidström
62%
2002: 4 Red Wings Nicklas Lidström
62%
2000: 4 Red Wings Nicklas Lidström
62%
2016: 4 Capitals Evgeny Kuznetsov
57%
2007: 5 Rangers Jaromír Jágr
57%
2006: 3 Rangers Jaromír Jágr
57%
2001: 1 Penguins Jaromír Jágr
57%
2000: 3 Penguins Jaromír Jágr
57%
2002: 4 Hurricanes Ron Francis
57%
2000: 1 Flyers Mark Recchi
48%
2002: 4 Canucks Markus Näslund
48%
2018: 4 Flyers Jakub Voráček
43%
2015: 2 Flyers Jakub Voráček
43%
2010: 4 Stars Brad Richards
38%
2006: 5 Lightning Brad Richards
38%
2003: 4 Lightning Brad Richards
38%
2006: 2 Senators Jason Spezza
38%
2002: 1 Capitals/Flyers Adam Oates
33%
2001: 1 Capitals Adam Oates
33%
2000: 2 Capitals Adam Oates
33%
2003: 4 Blues Pavol Demitra
29%
2004: 4 Avalanche Alex Tanguay
24%
2004: 1 Devils Scott Gomez
19%
2000: 4 Panthers Viktor Kozlov
19%
2001: 4 Oilers Doug Weight
14%
2008: 3 Bruins Marc Savard
10%
2007: 3 Bruins Marc Savard
10%
2006: 3 Thrashers Marc Savard
10%
2013: 5 Capitals Mike Ribeiro
10%
2004: 3 Lightning Cory Stillman
5%
2002: 2 Kings Jason Allison
5%
2001: 3 Penguins Martin Straka
5%
2003: 4 Lightning Václav Prospal
5%
2002: 4 Kings/Bruins Jozef Stümpel
0%
No matching quizzes found
Score Distribution
Percent of People with Each Score
Percentile by Number Answered
Your Score History
You have not taken this quiz